000 00442nam a2200169Ia 4500
008 210719s2000 xx 000 0 und d
020 _a817371441X
041 _aeng
082 _a510KAK BECE
100 _aBECK (Anatole) and Others.
245 _aExcursions into mathematics.
260 _aHyderabad
_bUniversities Press
_c2000
300 _axviii,499
_bPB
365 _b290
_cRs
650 _aMathematics
906 _aUniversities Press
999 _c213827
_d213827